Cliquez pour compléter le titre de la chanson - PNL - Statistiques

Statistiques générales
  • Ce quiz a été pris 343 fois
    74 depuis la dernière actualisation
  • Le résultat moyen est 18 sur 20
Statistiques - réponses
Hint Réponse % Correct
Hasta la vista
98%
La misère est si belle
96%
Deux frères
96%
Au DD
95%
Jusqu'au dernier gramme
95%
Que la mif
95%
J'comprends pas
95%
Recherche du bonheur
93%
Comme pas deux
93%
Luz de Luna
93%
J'suis QLF
93%
Le monde ou rien
93%
Je vis je visser
93%
Plus Tony que Sosa
91%
Zoulou tchaing
91%
Autre monde
89%
Sur Paname
89%
À l'ammoniaque
88%
Dans la légende
88%
Kuta ubud
86%
Aucun quiz correspondant
Distribution des résultats
% des personnes avec chaque résultat
Percentile par nombre de réponses
Votre historique - résultats
Vous n’avez pas pris ce quiz depuis la dernière actualisation